000 00287nam a2200121Ia 4500
008 190216s9999||||xx |||||||||||||| ||und||
100 _aTimoshenco Stephen.P
245 0 _aTheory Of Elastic Stability
260 _bMcgraw -hill
_c1963
300 _a541
650 _aPhysics
942 _cBK
999 _c33813
_d33813